Marcus garvey (Record no. 121208)
[ view plain ]
| 000 -LEADER | |
|---|---|
| fixed length control field | 00622nam a22001697a 4500 |
| 008 - FIXED-LENGTH DATA ELEMENTS--GENERAL INFORMATION | |
| fixed length control field | 141107b xxu||||| |||| 00| 0 eng d |
| 050 ## - LIBRARY OF CONGRESS CALL NUMBER | |
| Classification number | E185.97.G3L39 1998 |
| 100 ## - MAIN ENTRY--PERSONAL NAME | |
| Personal name | Lawler, Mary |
| 9 (RLIN) | 12517 |
| 245 ## - TITLE STATEMENT | |
| Title | Marcus garvey |
| Statement of responsibility, etc | Mary Lawler |
| 260 ## - PUBLICATION, DISTRIBUTION, ETC. (IMPRINT) | |
| Place of publication, distribution, etc | New York |
| Name of publisher, distributor, etc | Chelsea House Publishers |
| Date of publication, distribution, etc | 1988 |
| 300 ## - PHYSICAL DESCRIPTION | |
| Extent | 110p. : |
| Dimensions | 23cm. |
| 650 ## - SUBJECT ADDED ENTRY--TOPICAL TERM | |
| Topical term or geographic name as entry element | Garvey, Marcus |
| General subdivision | Juvenile literature |
| 9 (RLIN) | 12518 |
| 650 ## - SUBJECT ADDED ENTRY--TOPICAL TERM | |
| Topical term or geographic name as entry element | Afro, Americans |
| General subdivision | Biography - juvenile literature |
| 9 (RLIN) | 12519 |
| 650 ## - SUBJECT ADDED ENTRY--TOPICAL TERM | |
| Topical term or geographic name as entry element | Intellectuals |
| General subdivision | Biography |
| Geographic subdivision | United States |
| 9 (RLIN) | 12520 |
| 650 ## - SUBJECT ADDED ENTRY--TOPICAL TERM | |
| Topical term or geographic name as entry element | Universal Negro Improvement Association |
| General subdivision | Juvenile literature |
| 9 (RLIN) | 12521 |
| 942 ## - ADDED ENTRY ELEMENTS (KOHA) | |
| Source of classification or shelving scheme | Library of Congress Classification |
| Item type | Monograph ( Printed materials) |
| Withdrawn status | Lost status | Source of classification or shelving scheme | Damaged status | Not for loan | Collection code | Home library | Current library | Shelving location | Date acquired | Total Checkouts | Full call number | Barcode | Date last seen | Price effective from | Koha item type |
|---|---|---|---|---|---|---|---|---|---|---|---|---|---|---|---|
| Library of Congress Classification | Main Collection | ARRUPE LIBRARY | ARRUPE LIBRARY | Main Collection | 07/11/2014 | E185.97.G3L39 1998 | 46500003701 | 13/12/2017 | 07/11/2014 | Monograph ( Printed materials) |